| 000 | 01180nam a2200361 c 4500 | ||
|---|---|---|---|
| 001 | 16435 | ||
| 003 | ES-MaCES | ||
| 005 | 20141221122428.0 | ||
| 008 | 040415s2004 sp r o000 | spa d | ||
| 017 |
_aM 14129-2004 _bDL |
||
| 024 | 7 |
_a026-04-001-5 _2nipo |
|
| 035 | _aCES20040006219m | ||
| 040 |
_aES-MaCES _bspa _cES-MaCES |
||
| 100 | 1 |
_aRomero de Terreros, Juan M. _922575 |
|
| 245 | 1 | 0 |
_aHispánicos en los Estados Unidos _b: (bases para una estrategia) _cJuan Romero de Terreros |
| 260 |
_aMadrid _bMinisterio de Asuntos Exteriores, Secretaría General Técnica _c2004 |
||
| 300 |
_a192 p. _c24 cm |
||
| 541 | _cGratuito | ||
| 650 | 4 |
_asociedad _927269 |
|
| 650 | 4 |
_alatinoamericano _928561 |
|
| 650 | 4 |
_ademografía _928502 |
|
| 650 | 4 |
_apolítica _927246 |
|
| 650 | 4 |
_ahistoria _927251 |
|
| 650 | 4 |
_alengua española _930838 |
|
| 650 | 4 |
_arelaciones internacionales _926675 |
|
| 650 | 4 |
_aEspaña _926964 |
|
| 650 | 4 |
_aEstados Unidos _928373 |
|
| 653 | 1 | 0 | _aCiencias Sociales-Políticas |
| 710 | 1 |
_aEspaña _bMinisterio de Asuntos Exteriores _eed. _93226 |
|
| 902 | _aLIB Libro | ||
| 942 |
_2CES _cBK _h7.0. |
||
| 999 |
_c16435 _d16435 |
||